Pokémon Let's Go Pikachu/Let's Go Eevee Pokédex - Statistics

General Stats
  • This quiz has been taken 18 times
  • The average score is 126 of 153
Answer Stats
Picture Answer % Correct
Arbok
100%
Beedrill
100%
Blastoise
100%
Bulbasaur
100%
Butterfree
100%
Caterpie
100%
Charizard
100%
Charmander
100%
Charmeleon
100%
Ekans
100%
Fearow
100%
Ivysaur
100%
Kakuna
100%
Pidgeot
100%
Pidgeotto
100%
Pidgey
100%
Pikachu
100%
Raichu
100%
Raticate
100%
Rattata
100%
Spearow
100%
Squirtle
100%
Venusaur
100%
Wartortle
100%
Weedle
100%
Clefable
91%
Clefairy
91%
Gloom
91%
Golbat
91%
Jigglypuff
91%
Metapod
91%
Nidoking
91%
Nidoqueen
91%
Nidoran
91%
Nidoran
91%
Ninetales
91%
Oddish
91%
Sandshrew
91%
Sandslash
91%
Vulpix
91%
Wigglytuff
91%
Zubat
91%
Abra
82%
Alakazam
82%
Arcanine
82%
Bellsprout
82%
Cloyster
82%
Dewgong
82%
Diglett
82%
Dodrio
82%
Doduo
82%
Drowzee
82%
Dugtrio
82%
Farfetch'd
82%
Gastly
82%
Gengar
82%
Geodude
82%
Golduck
82%
Graveler
82%
Grimer
82%
Growlithe
82%
Haunter
82%
Hypno
82%
Kadabra
82%
Kingler
82%
Krabby
82%
Machamp
82%
Machoke
82%
Machop
82%
Magnemite
82%
Magneton
82%
Mankey
82%
Meowth
82%
Muk
82%
Nidorina
82%
Nidorino
82%
Onix
82%
Paras
82%
Parasect
82%
Persian
82%
Poliwag
82%
Poliwhirl
82%
Poliwrath
82%
Ponyta
82%
Primeape
82%
Psyduck
82%
Rapidash
82%
Seel
82%
Shellder
82%
Slowbro
82%
Slowpoke
82%
Tentacool
82%
Tentacruel
82%
Venomoth
82%
Venonat
82%
Victreebel
82%
Voltorb
82%
Aerodactyl
73%
Articuno
73%
Chansey
73%
Cubone
73%
Ditto
73%
Dragonair
73%
Dragonite
73%
Eevee
73%
Electabuzz
73%
Electrode
73%
Exeggcute
73%
Exeggutor
73%
Flareon
73%
Goldeen
73%
Golem
73%
Gyarados
73%
Hitmonchan
73%
Hitmonlee
73%
Jolteon
73%
Jynx
73%
Kabuto
73%
Kabutops
73%
Kangaskhan
73%
Koffing
73%
Lapras
73%
Lickitung
73%
Magikarp
73%
Magmar
73%
Mew
73%
Mewtwo
73%
Moltres
73%
Mr. Mime
73%
Omanyte
73%
Omastar
73%
Pinsir
73%
Porygon
73%
Rhydon
73%
Rhyhorn
73%
Scyther
73%
Seadra
73%
Seaking
73%
Snorlax
73%
Starmie
73%
Staryu
73%
Tangela
73%
Tauros
73%
Vaporeon
73%
Vileplume
73%
Weepinbell
73%
Weezing
73%
Zapdos
73%
Dratini
64%
Horsea
64%
Marowak
64%
Meltan
64%
Melmetal
55%
No matching quizzes found
Score Distribution
Percent of People with Each Score
Percentile by Number Answered
Your Score History
You have not taken this quiz